000 00893nam a22002177a 4500
999 _c196183
_d196183
005 20230706120826.0
010 _aB-753853-868 CHEN 25.5.23
020 _a9788189999810
_c449.00
035 _aB-753853-868
037 _bAakar
082 _aS
245 _aGreat rulers of India /
_cedited by Anant Pai
260 _bAmar Chitra Katha Pvt. Ltd.
_c2022(repr.)
_aMumbai
270 _aAFL House, 7th Floor, Lok Bharati Complex, Marol Maroshi Road, Andheri (East), Mumbai
_bMumbai
_e400059
300 _avarious pages
_c24cm(Hb)
_b col.ill
500 _a5-In-1
505 _aKrishnadeva Raya, Ashoka, Chandragupta Mourya, Samudro Gupta, Harsha
700 _aPai, Anant
942 _cCH
_hS
_2ddc
_mGRE